| 000 | 00475nam a2200157 a 4500 | ||
|---|---|---|---|
| 005 | 20140412111330.0 | ||
| 008 | 030116s19uu xx 00 eng d | ||
| 020 | _a0-86611-879-9 | ||
| 050 |
_aER _bPu96 1988 |
||
| 245 |
_aPuss in boots / _cretold by Rochelle Larkin ; illustrated by Loretta Lustig. |
||
| 260 |
_aNew York : _bCreative Child Press, _c1988. |
||
| 300 | _a1 v. (unp.) ; ill. | ||
| 440 | _aFavorite Fairy Tales | ||
| 650 | _aChildren stories | ||
| 999 |
_c104885 _d104885 |
||